| 000 | 02408nam a2200505 c 4500 | ||
|---|---|---|---|
| 003 | BLK | ||
| 005 | 20250219163918.0 | ||
| 008 | 180409b bul|||||r ||||||| ||bul|| | ||
| 010 | _aKNG00115064000 | ||
| 040 | _aBLK | ||
| 041 |
_aBUL _cBUL |
||
| 080 |
_aРелигиозна живопис _b75.046 _x _z75.046 |
||
| 080 |
_aВидове скулптурни произведения по форма и предназначение - Монументална и декоративна скулптура,статуи, обелиски, бюстове, орелефи, барелефи, фризове, медалиони, кариатиди, атланти, маски, малка пласт _b730.027 _x _z730.027 |
||
| 100 |
_aБожков, Атанас Димитров _d1929-1995 _eпърви автор _9244707 |
||
| 139 |
_aБожков, Атанас Димитров _bБ 57 |
||
| 245 | 1 | 0 |
_aИзображенията на Кирил и Методий през вековете _bМоногр. _cАтанас Димитров Божков. |
| 257 | _aBGR | ||
| 260 |
_аСофия _bНаука и изкуство _c1989 |
||
| 300 |
_a272 с. _bс ил. _c30 см |
||
| 380 | _a7 | ||
| 500 | _aОфс. изд. - 2 020 тир. - Показалци. | ||
| 600 | 1 | 4 |
_aКирил, славянски първоучител _9272832 |
| 600 | 0 |
_aМетодий, слав. първоучител _9251014 |
|
| 650 | 4 |
_aПросветители, български _9244645 |
|
| 650 | 4 |
_aСтенописи, български _9247075 |
|
| 650 | 4 |
_aИкони, български _9247074 |
|
| 650 | 4 |
_aСкулптура, българска _9311648 |
|
| 650 | 4 |
_aМиниатюри, български _9266085 |
|
| 653 | _aпросветители | ||
| 653 | _aстенописи | ||
| 653 | _aикони | ||
| 653 | _aскулптори | ||
| 653 | _aминиатюри | ||
| 653 | _aрелигиозна живопис | ||
| 653 | _aизобразително изкуство | ||
| 653 | _aБългария | ||
| 653 | _aКонстантин Кирил Философ | ||
| 653 | _aМетодий, славянски първоучител | ||
| 852 | _aЦб ІІ 7387 | ||
| 856 | 4 |
_qpdf _u |
|
| 856 | 4 |
_qpdf _u |
|
| 942 |
_cKNG _n0 _01 |
||
| 944 |
_aCR _c23.09.2004 _k30560 _lГеновева Генчева |
||
| 944 |
_aED _c26.01.2015 _kИрена_Линкова |
||
| 999 |
_c109743 _d109743 |
||